000 00684nam a2200289Ia 4500
005 20260324140441.0
008 008 260324s9999 xx 000 0 eng d
020 _a9780203445013
037 _aEBOOK
040 _aCRL
040 _beng
040 _cCRL
041 _2eng
041 _aeng
084 _qCRL
100 _aVieda Skultans
_91204435
245 4 _aThe Testimony of Lives
245 0 _bNarrative and memory in post-Soviet Latvia
260 _bTaylor and Francis
260 _c1998
365 _a
365 _b230
856 _uhttp://www.taylorfrancis.com/books/9780203445013
942 _cEBOOK
999 _c1806540
_d1806540